MARC

LEADER 00000nam0a2200000 4500
001 329161
005 20231102004132.0
035 |a (RuTPU)RU\TPU\book\354903 
035 |a RU\TPU\book\354902 
090 |a 329161 
100 |a 20170309d1978 k y0rusy50 ca 
101 0 |a rus 
102 |a RU 
105 |a a z 001zy 
200 1 |a Динамика систем  |h Вып. 15  |i Методы и проблемы распознавания образов  |e межвузовский сборник научных трудов  |f Горьковский государственный университет им. Н. И. Лобачевского (ГГУ) ; под ред. Ю. И Неймарка 
210 |a Горький  |c Изд-во ГГУ  |d 1978 
215 |a 214 с.  |c ил. 
320 |a Библиогр. в конце ст. 
606 1 |a Распознавание образов  |x Математическая теория  |2 stltpush  |3 (RuTPU)RU\TPU\subj\23832  |9 48349 
610 1 |a автоматный поиск 
610 1 |a стохастическая аппроксимация 
610 1 |a классификации 
610 1 |a ошибки 
610 1 |a матричные модели 
610 1 |a векторные критерии 
610 1 |a пространственно-распределенные объекты 
610 1 |a управляющие системы 
610 1 |a автогенераторы 
610 1 |a фазовая синхронизация 
610 1 |a динамика систем 
675 |a 681.327.12.001.362  |v 3 
702 1 |a Неймарк  |b Ю. И  |4 340 
712 0 2 |a Горьковский государственный университет им. Н. И. Лобачевского (ГГУ)  |2 stltpush  |3 (RuTPU)RU\TPU\col\2603 
801 0 |a RU  |b 63413507  |c 20011210  |g PSBO 
801 2 |a RU  |b 63413507  |c 20170328  |g RCR 
942 |c BK